000 00344nam a2200133Ia 4500
008 231129s1983||||xx |||||||||||||| ||spa||
040 _bspa
082 _a813 T456s
100 _aThomas Gordon
245 0 _aSabotaje en el Atlantico: El trĂ¡gico final del Morro Castle
260 _c1983
264 _aCirculo de Lectores
942 _2ddc
_cBKS
999 _c24243
_d24243